000 00598nam a2200205Ia 4500
005 20230630112025.0
008 131103s9999 xx 000 0 und d
040 _aLoreto College
041 _aEnglish
082 _a942.08
_bTHO
100 _aThomson,David
245 _aEngland in the nineteen century
_b from Waterloo to the first world war
_cDavid Thomson
260 _a[Cambridge]
_b[s.n.]
_c[1950]
300 _a251 p.
504 _aIncludes bibliographical references and index
650 _aWorld War I
651 _aEngland - History,19th Century
850 _aLCLIB
942 _cBK
999 _c8402
_d58881